ბათუმის შოთა რუსთაველის სახელმწიფო უნივერსიტეტის ბიბლიოთეკა

Extérieur monde / (ბიბ.ჩანაწერი № 57171)

000 -LEADER
fixed length control field 00560cam a22001935i 4500
001 - CONTROL NUMBER
control field 21255545
005 - DATE AND TIME OF LATEST TRANSACTION
control field 20221107131352.0
008 - FIXED-LENGTH DATA ELEMENTS--GENERAL INFORMATION
fixed length control field 190909t20192019fr 000 0 fre
020 ## - INTERNATIONAL STANDARD BOOK NUMBER
International Standard Book Number 9782072844942x
041 ## - LANGUAGE CODE
Language code of text/sound track or separate title fr
080 ## - UNIVERSAL DECIMAL CLASSIFICATION NUMBER
Universal Decimal Classification number 821.133.1 R-74
100 1# - MAIN ENTRY--PERSONAL NAME
Personal name Rolin, Olivier,
Relator term
9 (RLIN) 5835
245 10 - TITLE STATEMENT
Title Extérieur monde /
Statement of responsibility, etc. Olivier Rolin.
264 #4 - PRODUCTION, PUBLICATION, DISTRIBUTION, MANUFACTURE, AND COPYRIGHT NOTICE
Date of production, publication, distribution, manufacture, or copyright notice 2019.
Place of production, publication, distribution, manufacture [Paris] :
Name of producer, publisher, distributor, manufacturer Gallimard,
300 ## - PHYSICAL DESCRIPTION
Extent 301 pages ;
Dimensions 21 cm.
653 ## - INDEX TERM--UNCONTROLLED
keyword გარე სამყარო
653 ## - INDEX TERM--UNCONTROLLED
keyword ფრანგული ლიტერატურა
942 ## - ADDED ENTRY ELEMENTS (KOHA)
Source of classification or shelving scheme
Koha item type წიგნი
ეგზემპლარები
Withdrawn status Lost status Source of classification or shelving scheme Damaged status Not for loan Permanent Location Current Location Shelving location Date acquired Cost, normal purchase price Full call number Barcode Date last seen Copy number Price effective from Koha item type Public note
          ბათუმის შოთა რუსთაველის სახელმწიფო უნივერსიტეტის მთავარი ბიბლიოთეკა ბათუმის შოთა რუსთაველის სახელმწიფო უნივერსიტეტის მთავარი ბიბლიოთეკა წიგნსაცავი 2019-12-17 93.00 821.133.1 R-74 60295 2019-12-17 60295 2019-12-17 წიგნი 93.00
          ბათუმის შოთა რუსთაველის სახელმწიფო უნივერსიტეტის მთავარი ბიბლიოთეკა ბათუმის შოთა რუსთაველის სახელმწიფო უნივერსიტეტის მთავარი ბიბლიოთეკა წიგნსაცავი 2019-12-17 93.00 821.133.1 R-74 90296 2019-12-17 90296 2019-12-17 წიგნი 93.00